000 01298nab a22002537a 4500
999 _c5687
_d5687
003 OSt
005 20251227001100.0
008 190603e xxum|||| |||| 00| 0 spa d
040 _cPJ
100 _96406
_aMarcos, Guillermo Andrés
245 1 0 _aAlgunos institutos societarios que pudieron estar incorporados en el Código Civil y Comercial y alguna discrepancia /
_cGuillermo Andrés Marcos.
260 _cCiudad Autónoma de Buenos Aires :
_aThomson Reuters La Ley,
_b2025.
300 _ap. 217-227
500 _aCita: TR LALEY AR/DOC/1758/2025 Publicado en: RCCyC 2025 (agosto).
505 _aSumario: I. Introducción.— II. Mociones de orden.— III. Simples asociaciones informales.— IV. Prohibiciones e incompatibilidades para ser director.— V. Inoponibilidad de la persona jurídica.— VI. Colofón.
505 _t¿Te interesa el texto completo? Solicitalo al correo: koha@justierradelfuego.gov.ar
650 0 _91497
_aCODIGO CIVIL Y COMERCIAL
650 0 _91602
_aDERECHO COMERCIAL
650 0 _9646
_aSOCIEDADES COMERCIALES
650 0 _91625
_aSOCIEDAD ANONIMA
650 0 _96630
_aASAMBLEA ORDINARIA
773 0 _02713
_93170
_dCiudad Autónoma de Buenos Aires : Thomson Reuters La Ley, 2015-
_tRevista Código Civil y Comercial. Nº 4 - Agosto 2025
942 _2udc
_cANA